La Marquesita (Record no. 171481)

MARC details
000 -LEADER
campo de control de longitud fija 00756nam a2200217 i 4500
001 - NÚMERO DE CONTROL
campo de control 171481
003 - IDENTIFICADOR DE NÚMERO DE CONTROL
campo de control ES-MaACL
005 - FECHA Y HORA DE LA ÚLTIMA TRANSACCIÓN
campo de control 20250712081416.0
008 - DATOS DE LONGITUD FIJA--INFORMACIÓN GENERAL
campo de control de longitud fija 090518s1980 fr |||| | fre d
020 ## - NÚMERO INTERNACIONAL ESTÁNDAR DEL LIBRO
Número Internacional Estándar del Libro 2-264-00263-8
080 ## - NÚMERO DE LA CLASIFICACIÓN DECIMAL UNIVERSAL
Número de la Clasificación Decimal Universal 821.133.1-31"18"
100 1# - ENTRADA PRINCIPAL--NOMBRE DE PERSONA
Nombre de persona Talon, Jean-Louis.
9 (RLIN) 140199
245 13 - MENCIÓN DEL TÍTULO
Título La Marquesita
Resto del título : roman de moeurs espagnoles /
Mención de responsabilidad, etc. par Jean-Louis Talon ; préface de Roland Stragliati.
260 ## - PUBLICACIÓN, DISTRIBUCIÓN, ETC.
Lugar de publicación, distribución, etc. Paris :
Nombre del editor, distribuidor, etc. Union Générale d'Editions,
Fecha de publicación, distribución, etc. 1980.
300 ## - DESCRIPCIÓN FÍSICA
Extensión 317 p. ;
Dimensiones 18 cm.
490 1# - MENCIÓN DE SERIE
Mención de serie 10-18 ;
Designación de volumen o secuencia 1359.
Mención de serie Fins de siècles
700 1# - ENTRADA AGREGADA--NOMBRE PERSONAL
Nombre de persona Stragliati, Roland.
9 (RLIN) 140200
830 0# - PUNTO DE ACCESO ADICIONAL DE SERIE-TÍTULO UNIFORME
Título uniforme 10/18
Designación de volumen o secuencia 1359.
9 (RLIN) 187194
852 4# - LOCALIZACIÓN
Ubicación ES-MaACL
Número de control de estantería E-12645
itemnumber R.140229
Nota libre . - Biblioteca Jacinto Martínez Lacalle
Holdings
Estatus retirado Estado de pérdida Estado de daño No para préstamo Biblioteca de origen Biblioteca actual Ubicación en estantería Fecha de adquisición Fuente de adquisición Total de préstamos Signatura topográfica completa Código de barras Visto por última vez Precio de reemplazo Tipo de ítem Koha
        Biblioteca del Ateneo de Madrid Biblioteca del Ateneo de Madrid Depósito 2 18/05/2009     E-12645 1179956 23/02/2023 23/02/2023 Libro impreso